Mutant X-Men Villains - Statistics

General Stats
  • This quiz has been taken 183 times
  • The average score is 20 of 45
Answer Stats
First Appearance in X-Men Mutant Power Answer % Correct
X-Men #1 (1963) Master of Magnetism Magneto
100%
X-Men #4 (1964) Prehensile Tongue Toad
97%
X-Men #4 (1964) Super Speed Quicksilver
91%
X-Men #141 (1981) Shape-Shifting Mystique
90%
X-Men #3 (1964) Immovable Blob
87%
X-Men #129 (1980) Telepathy; Diamond Skin Emma Frost
85%
X-Men #4 (1964) "Hex" Magic Scarlet Witch
83%
X-Men #141 (1981) Fire Manipulation Pyro
79%
X-Factor #10 (1986) Superhuman Senses; Healing Factor; Claws/Fangs Sabretooth
79%
The New Mutants #98 (1991) Healing Factor; Fourth Wall Breaking Deadpool
74%
X-Men #104 (1977) Self-Duplication Multiple Man
68%
X-Factor #5 (1986) Self-Molecular Control; Nearly Unlimited Power Apocalypse
67%
X-Men #129 (1980) Energy Absorption Sebastian Shaw
66%
X-Men #4 (1964) Illusion Creation Mastermind
58%
Giant-Size X-Men #1 (1975) Living Island Krakoa
57%
X-Men #141 (1981) Seismic Blasts Avalanche
55%
X-Men #4 (1992) Healing Factor; Carbonadium Tentacles Omega Red
52%
X-Men #158 (1982) Power Absorption Rogue
52%
Uncanny X-Men #221 (1987) Telepathy; Telekinesis; Concussive Energy Blasts Mr. Sinister
46%
X-Men #49 (1968) Electromagnetic Manipulation Polaris
45%
X-Men #141 (1981) Precognition Destiny
44%
X-Force #8 (1992) Probability Manipulation Domino
39%
Cable #15 (1994) Controlled Bone Growth Marrow
38%
X-Men #117 (1979) Telepathy; Astral Projection Shadow King
37%
X-Men #125 (1979) Reality Warping Proteus
34%
Uncanny X-Men #210 (1986) Psionic Energy Projection to Create Disorientation Vertigo
32%
Uncanny X-Men #210 (1986) Aerokinesis; Spins Body at Extreme Speed Riptide
31%
X-Men vol. 2, #53 (1996) Psychic Omnipotence Onslaught
29%
X-Men #8 (1964) Force Field Generation Unus the Untouchable
29%
X-Men #99 (1976) Concussive Blasts from Club Black Tom Cassidy
28%
New X-Men #114 (2001) Telepathy; Telekinesis; Astral Manipulation Cassandra Nova
26%
X-Men: Deadly Genesis #1 (2006) Energy Absorption/Manipulation; Flight Vulcan
26%
X-Men #169 (1983) Superhuman Senses; Peak Physical Abilities Callisto
23%
X-Men Alpha #1 (1995) Intelligence; Fangs/Claws; Peak Physical Abilities Dark Beast
23%
New X-Men #123 (2003) Omega Level Psionic Powers QuentinQuire
22%
New Mutants #5 (1983) Teleportation; Energy Sword Silver Samurai
22%
New Mutants #87 (1990) Telekinesis; Telepathy; Peak Physical Abilities Stryfe
22%
X-Men #129 (1980) Mass Manipulation Harry Leland
20%
X-Men #1 (1991) Mutant Power Enhancement Fabian Cortez
18%
Uncanny X-Men #210 (1986) Charge Metal with Bio-Energy Harpoon
12%
X-Men #168 (1983) Telepathy; Telekinesis Madelyne Pryor
11%
X-Factor #10 (1986) Super-Human Strength; Invulnerability Blockbuster
9%
Uncanny X-Men #281 (1991) Life Absorption; Teleportation Trevor Fitzroy
8%
X-Factor #75 (1992) Tar-Like Body Gorgeous George
7%
Excalibur #72 (1993) Energy-Based Constructs; Cyborg Ahab
6%
No matching quizzes found
Score Distribution
Percent of People with Each Score
Percentile by Number Answered
Your Score History
You have not taken this quiz